Poplatok za komunálne odpady na východnom Slovensku - v Košickom kraji

Základné údaje o Košickom kraji. Produkcia komunálneho odpadu v rokoch 2010-2015. Analýza výšky poplatku v okresoch. Analýza výšky poplatku v mestách a obciach Košického kraja. Analýza výšky poplatku podľa firmy zabezpečujúcej odvoz odpadu. Vyhodnotenie výšky poplatkov.

Salvato in:
Dettagli Bibliografici
Autore principale: Bosák, Martin, 1967-
Natura: Capitolo di libro
Lingua:slovacco
Soggetti:
Tags: Aggiungi Tag
Nessun Tag, puoi essere il primo ad aggiungerne!!

MARC

LEADER 00000naa a2200000 4500
001 0248781
005 20240502073959.2
041 0 |a slo 
044 |a SK 
245 1 0 |a Poplatok za komunálne odpady na východnom Slovensku - v Košickom kraji  |c Martin Bosák 
520 |a Základné údaje o Košickom kraji. Produkcia komunálneho odpadu v rokoch 2010-2015. Analýza výšky poplatku v okresoch. Analýza výšky poplatku v mestách a obciach Košického kraja. Analýza výšky poplatku podľa firmy zabezpečujúcej odvoz odpadu. Vyhodnotenie výšky poplatkov. 
610 2 0 |a odpad komunálny 
610 2 0 |a hospodárstvo odpadové 
610 2 0 |a poplatky 
610 2 0 |a kraje 
610 2 0 |a mestá 
610 2 0 |a obce 
610 2 0 |a firmy 
610 2 0 |a analýza štatistická 
610 2 0 |a Slovensko 
100 1 |a Bosák, Martin, 1967-